Statistiques concernant Culture Générale - Série 870

Cliquez ici pour prendre le quiz!

Statistiques générales

  • Ce quiz a été pris 48 fois
  • Le résultat moyen est 6 sur 10

Statistiques - réponses

QuestionRéponse% Correct
En mathématiques, pour calculer l'aire d'un rectangle, on multiplie la longueur par la...largeur
100%
Dans quelle ville française peut-on flâner dans les quartiers du Marais, de Ménilmontant ou de Belleville ?Paris
98%
Dans quel pays se trouve la ville d'Agadir ?Maroc
96%
Quelle valeur est représentée par le chiffre romain "M" ?mille
87%
De quel groupe de rock Bono est-il le chanteur ?U2
70%
Quelle plante aromatique est appelée "farigoule", en Provence ?thym
57%
Contre quelle maladie le vaccin B.C.G. nous protège-t-il ?tuberculose
54%
Quelle formule concise et frappante, utilisée par les publicitaires et la propagande politique, est tirée du gaélique "sluagh gairm" ?slogan
39%
Sous quel nom est plus connu le guitariste américain James Marshall Hendrix ?Jimi Hendrix
35%
Alliage de cuivre, nickel et argent utilisé notamment en joaillerie et pour la fabrication de couverts au début du XX siècle.ruolz
0%

Distribution des résultats

Percentile par nombre de réponses

% des personnes avec chaque résultat

Votre développement - résultats

Vous n’avez pas pris ce quiz